[Event "Augsburg op"]
[Site "Augsburg"]
[Date "2013.12.29"]
[Round "5"]
[White "Koelbl, Ines"]
[Black "Radziwill, Gerrit"]
[Result "0-1"]
[WhiteElo "1774"]
[BlackElo "1960"]
[PlyCount "58"]
[EventDate "2013.12.27"]
[EventType "swiss"]
[EventRounds "7"]
[EventCountry "GER"]
[SourceTitle "CBM 158 Extra"]
[Source "ChessBase"]
[SourceDate "2014.02.28"]
[SourceVersion "1"]
[SourceVersionDate "2014.02.28"]
[SourceQuality "1"]

1. d4 Nf6 2. c4 g6 3. Nc3 d5 4. cxd5 Nxd5 5. e4 Nxc3 6. bxc3 Bg7 7. Bc4 c5 8. Ne2 cxd4 9. cxd4 0-0 10. 0-0 Bg4 11. Be3 Nd7 12. f3 Nb6 13. Bb3 Bd7 14. Rc1 Bb5 15. Rf2 Rc8 16. Nc3 Nc4 17. Nxb5 Nxe3 18. Rxc8 Qxc8 19. Qd2 Bh6 20. Re2 Qd7 21. Nc3 Nf5 22. Qd3 Nxd4 23. Re1 Bg7 24. e5 e6 25. f4 Rd8 26. Rd1 Bf8 27. Ne4 Qc6 28. Kh1 Be7 29. Qh3 Qxe4 0-1

[Event "Augsburg op"]
[Site "Augsburg"]
[Date "2013.12.28"]
[Round "3"]
[White "Barskiy, Vitaliy"]
[Black "Radziwill, Gerrit"]
[Result "1-0"]
[WhiteElo "1741"]
[BlackElo "1960"]
[PlyCount "60"]
[EventDate "2013.12.27"]
[EventType "swiss"]
[EventRounds "7"]
[EventCountry "GER"]
[SourceTitle "CBM 158 Extra"]
[Source "ChessBase"]
[SourceDate "2014.02.28"]
[SourceVersion "1"]
[SourceVersionDate "2014.02.28"]
[SourceQuality "1"]

1. e4 c5 2. Bc4 Nc6 3. f4 d6 4. Nf3 h6 5. Nc3 a6 6. d4 Bg4 7. dxc5 Bxf3 8. Qxf3 e6 9. cxd6 Bxd6 10. Be3 Na5 11. Bd3 Rc8 12. Bd4 Nf6 13. 0-0-0 Nc6 14. Be3 e5 15. Rhf1 Qa5 16. Bc4 Bb4 17. Nd5 Nd4 18. Bxd4 Rxc4 19. Qb3 Rxd4 20. Rxd4 exd4 21. Nxb4 Nxe4 22. Qd3 0-0 23. Qxe4 Qxb4 24. Rd1 Qa4 25. Kb1 Re8 26. Qd5 d3 27. Qxd3 Qxf4 28. g3 Qf2 29. a4 Qxh2 30. Rf1 Qxg3 1-0

[Event "Staufer op 25th"]
[Site "Schwaebisch Gmuend"]
[Date "2013.01.02"]
[Round "1"]
[White "Zeller, Frank"]
[Black "Radziwill, Gerrit"]
[Result "1-0"]
[WhiteElo "2398"]
[BlackElo "1899"]
[PlyCount "67"]
[EventDate "2013.01.02"]
[EventType "swiss"]
[EventRounds "9"]
[EventCountry "GER"]
[SourceTitle "CBM 152 Extra"]
[Source "ChessBase"]
[SourceDate "2013.02.25"]
[SourceVersion "1"]
[SourceVersionDate "2013.02.25"]
[SourceQuality "1"]

1. e4 e5 2. f4 exf4 3. Nf3 g5 4. Nc3 Bh6 5. h4 g4 6. Ne5 d6 7. Nxg4 Bxg4 8. Qxg4 Nf6 9. Qf5 a6 10. d3 Nc6 11. Ne2 Rg8 12. g3 fxg3 13. Bxh6 g2 14. Rg1 Rg6 15. Bg5 h6 16. Rxg2 hxg5 17. hxg5 Nh7 18. Nf4 Nd4 19. Qh3 Rxg5 20. Qxh7 Rxg2 21. Bxg2 Nxc2+ 22. Kd1 Nxa1 23. Qg8+ Kd7 24. Qxf7+ Kc6 25. Nd5 Rb8 26. e5 dxe5 27. Be4 Kb5 28. a4+ Kxa4 29. Nc3+ Ka5 30. Qa2+ Kb6 31. b4 Qd4 32. Qa5+ Ka7 33. Nb5+ Ka8 34. Qxa6+ 1-0

[Event "Nuremberg LGA Cup 9th"]
[Site "Nuremberg"]
[Date "2012.09.07"]
[Round "2"]
[White "Krah, Michael"]
[Black "Radziwill, Gerrit"]
[Result "1-0"]
[WhiteElo "2091"]
[BlackElo "1841"]
[PlyCount "109"]
[EventDate "2012.09.06"]
[EventType "swiss"]
[EventRounds "7"]
[EventCountry "GER"]
[SourceTitle "CBM 150 Extra"]
[Source "ChessBase"]
[SourceDate "2012.10.19"]
[SourceVersion "1"]
[SourceVersionDate "2012.10.19"]
[SourceQuality "1"]

1. d4 d5 2. Nf3 Nf6 3. Bf4 Nbd7 4. e3 c5 5. c3 h6 6. Nbd2 Nh5 7. Bg3 Nxg3 8. hxg3 Rb8 9. Bd3 b5 10. Ne5 Nxe5 11. dxe5 c4 12. Bc2 e6 13. Nf3 Bb7 14. Nd4 a6 15. f4 g6 16. g4 Bg7 17. Qf3 Qe7 18. a3 Ba8 19. Kd2 a5 20. Rab1 0-0 21. f5 exf5 22. gxf5 Qxe5 23. f6 Bh8 24. Rxh6 Rb6 25. Rbh1 Bxf6 26. Qh3 Re8 27. Bxg6 fxg6 28. Rxg6+ Kf8 29. Qh7 Qxe3+ 30. Kc2 Qd3+ 31. Kc1 Bg5+ 32. Rxg5 Re1+ 33. Rxe1 Qxh7 34. Rf5+ Qxf5 35. Nxf5 Rg6 36. Re2 Kf7 37. Kd2 Rf6 38. Nd4 Bc6 39. Ke3 Bd7 40. Rf2 Rxf2 41. Kxf2 Kf6 42. Ke3 Ke5 43. Nf3+ Kf5 44. Kd4 Kf4 45. Kxd5 Kg3 46. Nd4 Kxg2 47. Kc5 Kf2 48. Nxb5 Ke3 49. Kxc4 Be6+ 50. Kc5 Bb3 51. Nd4 Bd1 52. Kb5 a4 53. Ne6 Bb3 54. Nc5 Kd2 55. Nxa4 1-0